Metallica - Master of Puppets Songs - Statistics

General Stats
  • This quiz has been taken 28 times
  • The average score is 7 of 8
Answer Stats
Length Song % Correct
8:36 Master of Puppets
100%
5:13 Battery
91%
8:28 Orion
91%
6:28 Welcome Home (Sanitarium)
87%
5:33 Damage, Inc.
78%
5:40 Leper Messiah
74%
8:17 Disposable Heroes
70%
6:37 The Thing That Should Not Be
65%
No matching quizzes found
Score Distribution
Percent of People with Each Score
Percentile by Number Answered
Your Score History
You have not taken this quiz